000 003760000a22001570004500
003 MACL
040 _aMACL
090 _c33985
_d33983
100 _aSelvi, S Thamarai
245 _aTeat your skills in C
260 _bTata McGraw Hill Publishing Com Ltd
_c2002
350 _a135
650 _aComputer Programming
942 _cBOOK
_k005.133/SEL
951 _o005.133/SEL BOOK
999 _c33629
_d33629